| 000 | 00477nam a2200181Ia 4500 | ||
|---|---|---|---|
| 005 | 20221221105205.0 | ||
| 008 | 131103s9999 xx 000 0 und d | ||
| 040 | _aLoreto College | ||
| 041 | _aEnglish | ||
| 082 |
_a813.02 _bSTE |
||
| 100 | _aSteinbeck,John | ||
| 245 | 4 |
_aThe grapes of wrath _cJohn Steinbeck |
|
| 260 |
_aNew York _bBantam Books _c1939 |
||
| 300 | _a406 p. (1963 printing) | ||
| 650 | _aAmerican Fiction - 20th Century | ||
| 850 | _aLCLIB | ||
| 942 | _cBK | ||
| 999 |
_c11932 _d62411 |
||